000 00540 a2200181 4500
003 OSt
005 20240118114842.0
008 240118b |||||||| |||| 00| 0 eng d
020 _a9788182719163
040 _coclc
082 _a297
_bSAR/E
100 _aSarjani, Ragib
_98586
245 _aEthara Mathastharodulla Sameepanam Pravachaka Mathrkakal /
_cRagib Sarjani
250 _a3rd ed.
260 _aKozhikode:
_bIslamic Publishing House,
_c2022.
300 _a128p.
942 _2ddc
_cBK
_h297
_iSAR/E
_k297
_mSAR/E
999 _c43246
_d43246